000
00199 a2200097 4500
001
11942
100
_a
Montgomery
245
_a
An approach to sanity
260
_a
_b
Collins
_c
090
_c
9196
_d
9196
942
_a
NUST-CAE
_c
M
_c
36040
999
_c
247015
_d
247015